| 000 | 00767nam a22002297a 4500 | ||
|---|---|---|---|
| 005 | 20160828135400.0 | ||
| 008 | 120320s2005 xxu|||||r|||| 001 0 eng d | ||
| 020 | _a0750664967 | ||
| 020 | _a9780750664967 | ||
| 082 |
_222 _a005.1 _bLAN |
||
| 100 |
_929416 _aLano, K. |
||
| 245 |
_aAdvanced Systems Design with Java, UML, and MDA _cKevin Lano. |
||
| 260 |
_aAmsterdam ; _aBoston : _bElsevier Butterworth-Heinemann, _cc2005. |
||
| 300 |
_aviii, 378 p. : _bill. ; _c25 cm. |
||
| 504 | _6Includes bibliographical references and index. | ||
| 650 |
_911535 _aComputer software _xDevelopment. |
||
| 650 |
_911902 _aUML (Computer science) |
||
| 650 |
_929418 _aWeb services _xDesign |
||
| 653 |
_bCS _cMarch2012 |
||
| 650 |
_929417 _aSoftware architecture |
||
| 942 |
_2ddc _cBB |
||
| 999 |
_c16593 _d16593 |
||